| 000 | 00543nam a22001817a 4500 | ||
|---|---|---|---|
| 003 | OSt | ||
| 005 | 20250822042328.0 | ||
| 008 | 250822b |||||||| |||| 00| 0 eng d | ||
| 020 | _a0-86318-436-7. | ||
| 040 |
_aDWC-Main Lib. _cOC |
||
| 100 | _aBREMNESS, LESLEY | ||
| 245 |
_aDK pocket encyclopedia herbs/ _cBREMNESS, LESLEY |
||
| 260 |
_aLondon : _bDorling Kindersley, _cc1992. |
||
| 300 |
_a339 pages : _bcolor illustrations ; _c21 cm. |
||
| 504 | _aIncludes glossary and index. | ||
| 650 | _aHerbs. | ||
| 942 |
_2ddc _cBK-CIRC _hCirc. _n0 |
||
| 999 |
_c4178 _d4178 |
||